000 00928cab a2200253 4500
001 ABS55363
008 090401t1996 xxu||||| |||| 00| 0 eng d
035 _a(Sirsi) u15978
041 _aeng
100 _aHeighton, M.
245 _aVariations to leases: the impact on landlords, their former tenants and their sureties
260 _c1996
350 _a0
490 _aMcKenna Law Letter
_vSpring 1996, 15-17(3)
520 _aConsiders the impact of the Court of Appeal decision in "Friends Provident v British Railways Board" on variations to leases made before the Landlord and Tenants (Covenants) Act 1995 came into force.
650 _aFROENDS PROVIDENT V BRITISH RAILWAYS BOARD
650 _aLANDLORD AND TENANTS (COVENANTS)ACT 1995 S18
650 _aLEASES
650 _aSURRENDER OF LEASE
650 _aVARIATION OF TERMS
690 _aPROPERTY-LANDLORD AND TENANT
942 _n0
948 _c04/03/1997
999 _c10514
_d10514